Crisis and Escalation in Cyberspace (Record no. 351910)
[ view plain ]
| 000 -LEADER | |
|---|---|
| fixed length control field | 00642nam a2200133Ia 4500 |
| 008 - FIXED-LENGTH DATA ELEMENTS--GENERAL INFORMATION | |
| fixed length control field | 171212s9999 xx 000 0 und d |
| 020 ## - INTERNATIONAL STANDARD BOOK NUMBER | |
| International Standard Book Number | 9780833076786 |
| 100 ## - MAIN ENTRY--PERSONAL NAME | |
| Personal name | Libicki, Martin C. |
| 245 ## - TITLE STATEMENT | |
| Statement of responsibility, etc | Libicki, Martin C. |
| Title | Crisis and Escalation in Cyberspace |
| 260 ## - PUBLICATION, DISTRIBUTION, ETC. (IMPRINT) | |
| Name of publisher, distributor, etc | RAND Corporation |
| Date of publication, distribution, etc | 2012 |
| 650 ## - SUBJECT ADDED ENTRY--TOPICAL TERM | |
| Topical term or geographic name as entry element | Information warfare -- United States; Escalation (Military science); Cyberspace -- Security measures; Crisis management -- Government policy -- United States; Cyberterrorism -- Prevention; United States. Air Force -- Organization; United States. Air Force |
| 650 ## - SUBJECT ADDED ENTRY--TOPICAL TERM | |
| Topical term or geographic name as entry element | Technology |
| 856 ## - ELECTRONIC LOCATION AND ACCESS | |
| Uniform Resource Identifier | <a href="www.jstor.org/stable/10.7249/j.ctt24hrx7">www.jstor.org/stable/10.7249/j.ctt24hrx7</a> |
| Withdrawn status | Lost status | Damaged status | Home library | Current library | Date acquired | Total Checkouts | Date last seen | Price effective from | Koha item type |
|---|---|---|---|---|---|---|---|---|---|
| College Library | College Library | 12/12/2017 | 12/12/2017 | 12/12/2017 | Curriculum - Based eBooks |